Central Library OPAC University of Rajshahi

Technology policies for development and selected issues for action : (Record no. 64386)

MARC details
000 -LEADER
fixed length control field 01059nam a2200253 a 4500
001 - CONTROL NUMBER
control field 64386
003 - CONTROL NUMBER IDENTIFIER
rucl marc code BD-RjUL
005 - DATE AND TIME OF LATEST TRANSACTION
control field 20211209081313.0
008 - FIXED-LENGTH DATA ELEMENTS--GENERAL INFORMATION
fixed length control field 170214s1988 nyu b i100 0 eng d
020 ## - INTERNATIONAL STANDARD BOOK NUMBER
International Standard Book Number 9211122473
035 ## - SYSTEM CONTROL NUMBER
System control number (BD-RjUL)64516
040 ## - CATALOGING SOURCE
Original cataloging agency DLC
Transcribing agency DLC
Modifying agency DLC
-- BD-RjUL
Language of cataloging eng
041 0# - LANGUAGE CODE
Language code of text/sound track or separate title engara
082 00 - DEWEY DECIMAL CLASSIFICATION NUMBER
Classification number 338.926091724
Edition number 23
Author mark and year TEC 1988
245 00 - TITLE STATEMENT
Title Technology policies for development and selected issues for action :
Remainder of title proceedings of a seminar organized by Islamic Development Bank and UNCTAD, Jeddah, Saudi Arabia (10 to 17 November 1986) /
Statement of responsibility, etc. United Nations Conference on Trade and Development.
260 ## - PUBLICATION, DISTRIBUTION, ETC. (IMPRINT)
Place of publication, distribution, etc. New York :
Name of publisher, distributor, etc. United Nations,
Date of publication, distribution, etc. 1988.
300 ## - PHYSICAL DESCRIPTION
Pagination xxvii, 267 p. ;
Size 24 cm.
504 ## - BIBLIOGRAPHY, ETC. NOTE
Bibliography, etc Includes bibliographical references.
650 #0 - SUBJECT ADDED ENTRY--TOPICAL TERM
Topical term or geographic name as entry element Technology transfer
Geographic subdivision Developing countries
General subdivision Congresses.
9 (RLIN) 191077
Topical term or geographic name as entry element Technology and state
Geographic subdivision Developing countries
General subdivision Congresses.
9 (RLIN) 191078
710 2# - ADDED ENTRY--CORPORATE NAME
Corporate name or jurisdiction name as entry element Islamic Development Bank.
9 (RLIN) 176277
Corporate name or jurisdiction name as entry element United Nations Conference on Trade and Development.
9 (RLIN) 191079
942 ## - ADDED ENTRY ELEMENTS (KOHA)
Source of classification or shelving scheme Dewey Decimal Classification
Koha item type Books
Holdings
Lost status Source of classification or shelving scheme Damaged status Not for loan Collection code Permanent Location Current Location Shelving location Date acquired Total Checkouts Full call number Date last seen Copy number Koha item type
  Dewey Decimal Classification   Not For Loan Non-fiction Central Library, University of Rajshahi Central Library, University of Rajshahi Reading Room 23/07/1995   338.926091724 TEC 1988 14/02/2017 C-1 Books